[Event "Barcelona Segura Memorial 2nd"]
[Site "Barcelona"]
[Date "2022.10.05"]
[Round "2"]
[White "Valls Sole, Josep"]
[Black "Ruiz Mata, Oscar"]
[Result "0-1"]
[WhiteElo "1876"]
[BlackElo "2261"]
[PlyCount "112"]
[EventDate "2022.09.28"]
[EventType "swiss"]
[EventRounds "9"]
[EventCountry "ESP"]
[SourceTitle "EXT 2024"]
[Source "ChessBase"]
[SourceDate "2023.10.10"]
[SourceVersion "1"]
[SourceVersionDate "2023.10.10"]
[SourceQuality "1"]

1. e4 e5 2. Nc3 Nf6 3. f4 d5 4. fxe5 Nxe4 5. Qf3 Nxc3 6. bxc3 c5 7. Bb5+ Nc6 8. Ne2 Be7 9. 0-0 0-0 10. d4 Be6 11. Be3 cxd4 12. cxd4 Nb4 13. c3 Qa5 14. a4 Nc2 15. Rac1 Nxe3 16. Qxe3 a6 17. Bd3 Qxa4 18. Qg3 Qd7 19. Nf4 f5 20. exf6 Bxf6 21. Nh5 Kh8 22. Nxf6 gxf6 23. Rf4 Bg8 24. Rcf1 Qe7 25. Qf2 Rae8 26. Qc2 Qe3+ 27. Kh1 Qe6 28. h3 b5 29. Rh4 Re7 30. Qf2 Qe3 31. Qf5 Rff7 32. Rg4 Qe6 33. Qh5 Rg7 34. Rgf4 Rg5 35. Qh4 Reg7 36. Rxf6 Qe3 37. R6f3 Qd2 38. R1f2 Qe1+ 39. Bf1 Rxg2 40. Rf8 Rxf2 41. Qxf2 Qxf2 42. Rxf2 Rf7 43. Rxf7 Bxf7 44. Kg2 Kg7 45. Kf3 Kf6 46. Kf4 Be8 47. h4 a5 48. Bd3 h6 49. Bc2 b4 50. cxb4 axb4 51. Ke3 Bg6 52. Bd1 Be4 53. Kd2 Kf5 54. Ke3 Bb1 55. Kf3 Ba2 56. Ke3 b3 0-1